000 00335nam a2200109Ia 4500
008 180205s9999 xx 000 0 und d
020 _a971110431
100 _aRolda, Panopio
245 _aSociety and culture :
_bIntroduction to sociology and antropolgy /
260 _aQuezon City:
_bnational Bookstore
_c2000
300 _aiii, 418 pages
999 _c354662
_d354662